Choose All of the Hamilton Songs (in the right order!) - Statistics

General Stats
  • This quiz has been taken 783 times
  • The average score is 20 of 47
Answer Stats
Hint Explanation Answer % Correct
Song 1 the dude himself... Alexander Hamilton
99%
Song 2 you punched the bursar? yes! Aaron Burr, Sir
98%
Song 3 a guy with a dream My Shot
91%
Song 4 oh he has friends now that's nice The Story of Tonight
79%
Song 5 AND PEGGY!!! The Schuyler Sisters
73%
Song 6 hear ye hear ye my name is Samuel Seabury Farmer Refuted
72%
Song 7 King George (Part 1) You'll Be Back
63%
Song 9 we're reliable with the LAADIESSSSS!!! A Winter's Ball
62%
Song 10 Eliza loves him... Helpless
61%
Song 11 Angelica too? Satisfied
59%
Song 8 ooh Washington Right Hand Man
57%
Song 12 aww they're married now The Story of Tonight (Reprise)
50%
Song 13 I am the one thing in life I can controool Wait for It
49%
Song 14 he's off to war now Stay Alive
45%
Song 18 casually rapping 6.3 words per second- Guns and Ships
44%
Song 16 someone's in trouble! Meet Me Inside
44%
Song 15 Fight! Fight! Fight! Ten Duel Commandments
44%
Song 17 sees his wife again That Would Be Enough
44%
Song 19 sombre bit before more cool rapping History Has Its Eyes on You
40%
Song 20 yay chair dancing Yorktown (The World Turned Upside Down)
40%
Song 22 aww they love their kids Dear Theodosia
39%
Song 23 end of act 1! Non-Stop
38%
Song 25 argument: rap style Cabinet Battle #1
37%
Song 24 T.Jeff comes down some stairs! What'd I Miss?
37%
INTERMISSION INTERMISSION
36%
Song 21 King George (Part 2) What Comes Next?
36%
Song 27 until he meets another lady?!? WHO ISN'T HIS WIFE ?!?!?!?!?!?!?!?!?!?!?!?!?!?!? Say No To This
32%
Song 26 that boy just keeps working... Take A Break
32%
Song 30 You must be out of your GODDAMNED mind Cabinet Battle #2
30%
Song 28 Burr's "I Want" song The Room Where It Happens
30%
Song 31 making plans Washington On Your Side
28%
Song 29 short and sweet Schuyler Defeated
27%
Song 37 this man really won't shut up even when it harms him The Reynolds Pamphlet
27%
Song 45 super long song The World Was Wide Enough
27%
Song 35 rumors only grow We Know
27%
Song 46 the end! (and the gasp) Who Lives, Who Dies, Who Tells Your Story
27%
Song 39 my name is philip. i am a poet. Blow Us All Away
26%
Song 38 poor baby that didn't deserve any of this bs Burn
26%
Song 36 more cool chair dancing Hurricane
26%
Song 32 bye-bye One Last Time
26%
Song 42 Can we get back to politics? The Election of 1800
26%
Song 44 aww he really does love her Best of Wives and Best of Women
25%
Song 41 where everyone starts crying It's Quiet Uptown
25%
Song 40 sadly counting in French Stay Alive (Reprise)
25%
Song 34 new guy with a deep voice The Adams Administration
24%
Song 33 King George (last part!) I Know Him
23%
Song 43 passive aggressive letter writing Your Obedient Servant
23%
No matching quizzes found
Score Distribution
Percent of People with Each Score
Percentile by Number Answered
Your Score History
You have not taken this quiz